How I Met Your Mother - Partners - Statistics

General Stats
  • This quiz has been taken 120 times
  • The average score is 17 of 29
Answer Stats
Hint Answer % Correct
Ted's "The One" Robin Scherbatsky
98%
Barney's wife Robin Scherbatsky
98%
Baker extraordinaire Victoria
95%
Lily's husband Marshall Eriksen
94%
Ted's Dermatologist Fiancee Stella Zinman
91%
Robin's husband Barney Stinson
87%
Protagonist Ted Mosby
85%
Marshall's wife Lily Aldrin
83%
Lily's ex Scooter
83%
The Mother Tracy McConnell
81%
Ted's college girlfriend Karen
75%
Left her husband for Ted Zoe Pierson
64%
Robin's coworker Nora
60%
Robin's co-host Don Frank
59%
Robin's Argentinian rebound Gael
57%
Proposed to Robin Kevin Venkataraghavan
57%
What goes around comes around Quinn Garvey
52%
Ted's last girlfriend before The Mother Jeanette Peterson
48%
Who's a good boy! Nate Scooberman
48%
Ted broke up with her over voicemail Natalie
46%
Blah Blah Carol
42%
Left Robin for a Jacuzzi - twice! Simon Tremblay
41%
The Mother's roommate Cindy
39%
Mother of Ellie Number 31
33%
Is a Chef Nick Podarutti
30%
Barney's first love Shannon
25%
Marshall's cafe admirer Chloe
14%
Marshall's elementary school girlfriend Nicole Barsamian
7%
Marshall's ex Steph
4%
No matching quizzes found
Score Distribution
Percent of People with Each Score
Percentile by Number Answered
Your Score History
You have not taken this quiz